| 000 | 00787nam a22002297a 4500 | ||
|---|---|---|---|
| 003 | OSt | ||
| 005 | 20230712091635.0 | ||
| 008 | 221006b |||||||| |||| 00| 0 eng d | ||
| 040 | _cBiblioteca Lado V | ||
| 082 |
_a701.18 _bB914r |
||
| 100 |
_9882 _aBruzzone, Gustavo A. _eeditor |
||
| 245 |
_aRamona/ _bRevista de artes visuales/ |
||
| 260 |
_c2009 _bFundacion START _aArgentina |
||
| 300 |
_c16x23cm _a66p. |
||
| 490 |
_v2009 _a89 _x1666-1826 |
||
| 650 |
_2Tesauro de Arte & Arquitectura _aARTE VISUAL |
||
| 650 |
_2Tesauro de Arte & Arquitectura _aANALISIS |
||
| 650 |
_2Tesauro de Arte & Arquitectura _aCRITICA |
||
| 650 |
_2Tesauro de Arte & Arquitectura _aCULTURA |
||
| 651 |
_2Tesauro de Arte & Arquitectura _aARGENTINA |
||
| 942 |
_2ddc _c1 _h701.18 _iB914r _n0 |
||
| 999 |
_c4022 _d4022 |
||